00996nam a2200289 i 4500003000900000005001700009007000300026008004100029040003000070041000800100082001900108110003200127240001800159245005500177250002200232264005200254300002900306336002700335337003300362338002800395590002500423650006800448910001500516942001400531952014400545999001700689DO-SdBNP20260423101741.0ta260423b2000 dr ||||| |||| 00| 0 spa d aDO-SdBNPbspacBNPHUerda aspa 4axxxbR426c2221 aRepública Dominicana9447 0a[Leyes, etc.]10aCódigo de comercio de la República Dominicana. aedición oficial 1aSanto Domingo :beditor no identificado,c2000. a164 páginas ;c21 cm. atextobtxt2rdacontent asin mediaciónbn2rdamedia avolumenbnc2rdacarrier aInventariado 2026/BT 4910077aDerecho ComercialxLegislaciónzRepública Dominicana aBtavárez 2ddccLBS1 00102ddc51708PDaBNPHUbBNPHUcCTd2026-04-23eDonado por Fermín Aquino l0oBNPHU PD R426cp2026-3065r2026-04-23w2026-04-23yLBS1 c60606d60606